MANUAL OF NURSING ARTS PROCEDURES (Record no. 6922)

MARC details
000 -LEADER
fixed length control field 00425nam a22001697a 4500
003 - CONTROL NUMBER IDENTIFIER
control field OSt
005 - DATE AND TIME OF LATEST TRANSACTION
control field 20210924160021.0
008 - FIXED-LENGTH DATA ELEMENTS--GENERAL INFORMATION
fixed length control field 210924b |||||||| |||| 00| 0 eng d
020 ## - INTERNATIONAL STANDARD BOOK NUMBER
International Standard Book Number 0-7069-1338-8
040 ## - CATALOGING SOURCE
Original cataloging agency DDC
Transcribing agency HU
082 ## - DEWEY DECIMAL CLASSIFICATION NUMBER
Edition number 3RD
Classification number 610.73
Item number 1
100 ## - MAIN ENTRY--PERSONAL NAME
Personal name LILY PRITAM TELU RAM
9 (RLIN) 7325
245 ## - TITLE STATEMENT
Title MANUAL OF NURSING ARTS PROCEDURES
250 ## - EDITION STATEMENT
Edition statement 3RD
260 ## - PUBLICATION, DISTRIBUTION, ETC.
Place of publication, distribution, etc. INDEA
Date of publication, distribution, etc. 1978
Name of publisher, distributor, etc. VIKAS PUBLISHING
942 ## - ADDED ENTRY ELEMENTS (KOHA)
Source of classification or shelving scheme Dewey Decimal Classification
Koha item type Books like text book referance book
Suppress in OPAC No
Holdings
Withdrawn status Lost status Source of classification or shelving scheme Damaged status Not for loan Home library Current library Date acquired Total Checkouts Full call number Barcode Date last seen Copy number Price effective from Koha item type
    Dewey Decimal Classification     College of Medicine and Health’s Sciences Library College of Medicine and Health’s Sciences Library 09/24/2021   610.73-R3-1978 CMHSL00001826 09/24/2021 1 09/24/2021 Books like text book referance book